Русско-вьетнамский математический словарь: около 9200 терминов

Dades bibliogràfiques
Altres autors: Нгуен Динь Данг (составитель), Нгуен Мань Хунг
Idioma:rus
vietnamita
Publicat: Москва, Русский язык, 1979
Edició:2-е изд.
Matèries:
Format: MixedMaterials Llibre
KOHA link:https://koha.lib.tpu.ru/cgi-bin/koha/opac-detail.pl?biblionumber=675499

MARC

LEADER 00000nam0a2200000 4500
001 675499
005 20241015132334.0
090 |a 675499 
100 |a 20241015d1979 m||y0rusy50 ca 
101 0 |a rus  |a vie 
102 |a RU  |a VN 
105 |a y e 001yy 
181 0 |a i   |b  e  
182 0 |a n 
183 0 |a nc  |2 RDAcarrier 
200 1 |a Русско-вьетнамский математический словарь: около 9200 терминов  |f сост. Нгуен Динь Данг, Нгуен Мань Хунг 
203 |a Текст  |b визуальный  |c непосредственный 
205 |a 2-е изд. 
210 |a Москва  |c Русский язык  |a Ханой  |c Наука и техника  |d 1979 
215 |a 224 с. 
283 |a volume  |2 RDAcarrier 
320 |a Математические обозначения: с. 217-222 
606 1 |a Вьетнамский язык  |9 32768 
606 1 |a Математика  |9 83171 
610 |a русско-вьетнамские математические словари 
675 |a 51(038)  |v 4 
686 |2 rubbk  |a Ш171.5 
702 1 |4 220  |a Нгуен Динь Данг 
702 1 |4 220  |a Нгуен Мань Хунг 
801 0 |a RU  |b 63413507  |c 20241015 
830 |a Ретро2024Каталогизация Шило 
850 |a 63413507 
942 |c BK